Quick Pick: Green in the Flag Quiz Stats

 Plays Quiz Updated Jun 15, 2018

Challenge
Share
Tweet
Embed
Score 0/16 Timer 01:30
0 Plays Today
% Correct
Algeria
88.6%
South Africa
86.1%
Nigeria
85.3%
Iran
83%
Hungary
79.5%
Gabon
77.4%
Madagascar
76.1%
Guyana
74.5%
% Correct
Djibouti
72.4%
Eritrea
72.1%
Mauritius
70.1%
Azerbaijan
69.8%
Maldives
67.1%
Belarus
65.2%
Lesotho
64.1%
Tajikistan
58.2%

Today's Daily Dose

Missing Word
'F' Pairs

Word Ladder
Mixed Synonyms

On This Day
August 15th II

You're not logged in!

Compare scores with friends on all Sporcle quizzes.
Join for Free
OR
Log In

You Might Also Like...

Show Comments

Extras

Top Quizzes Today


Score Distribution

Your Account Isn't Verified!

In order to create a playlist on Sporcle, you need to verify the email address you used during registration. Go to your Sporcle Settings to finish the process.

Report this User

Report this user for behavior that violates our Community Guidelines.

Details: